[Event "1. Bundesliga 2013/2014"]
[Site "Jenbach, Wolfsberg, St. Veit/Glan"]
[Date "2013.12.06"]
[Round "1"]
[Board "1"]
[White "Ragger, Markus"]
[Black "Melkumyan, Hrant"]
[Result "1-0"]
[WhiteElo "2644"]
[BlackElo "2613"]
[PlyCount "105"]
[EventDate "2013.12.06"]
[EventType "team"]
[EventRounds "11"]
[EventCountry "AUT"]
[WhiteTeam "Schachclub MPOE Maria Saal I"]
[BlackTeam "ASVOE Wulkaprodersdorf"]

1. d4 Nf6 2. c4 e6 3. Nf3 b6 4. g3 Bb7 5. Bg2 Be7 6. O-O O-O 7. d5 exd5 8. Nh4
c6 9. cxd5 Nxd5 10. Nf5 Nc7 11. Nc3 d5 12. e4 Bf6 13. exd5 Nxd5 14. Nxd5 cxd5
15. Ne3 Nc6 16. Nxd5 Be5 17. Qg4 Nd4 18. Bg5 f5 19. Ne7+ Qxe7 20. Bxe7 Bxg2 21.
Qg5 Nf3+ 22. Kxg2 Nxg5 23. Bxf8 Kxf8 24. f4 Bxb2 25. Rab1 Ne4 26. Rxb2 Rc8 27.
Re1 Ke7 28. Ree2 Rc3 29. Rbc2 Ra3 30. Rc7+ Kf6 31. Rec2 Nc5 32. Kh3 h6 33. Rd2
Ne4 34. Rdd7 Ke6 35. Rxa7 Rxa2 36. Re7+ Kd6 37. Rxa2 Kxe7 38. Rb2 Kf7 39. Rxb6
Nf6 40. Rb7+ Kg6 41. Kg2 Ng4 42. Ra7 Nf6 43. Kf3 Ng4 44. Ra2 Kf7 45. Rg2 Ke6
46. Ke2 Kf7 47. Kd3 g5 48. Kd4 Kg6 49. Ra2 Kh5 50. h3 Nf6 51. Ke5 Ne4 52. g4+
fxg4 53. hxg4+ 1-0

[Event "1. Bundesliga 2013/2014"]
[Site "Jenbach, Wolfsberg, St. Veit/Glan"]
[Date "2013.12.06"]
[Round "1"]
[Board "3"]
[White "Buhmann, Rainer"]
[Black "Maksimenko, Andrei"]
[Result "1/2-1/2"]
[WhiteElo "2580"]
[BlackElo "2535"]
[PlyCount "101"]
[EventDate "2013.12.06"]
[EventType "team"]
[EventRounds "11"]
[EventCountry "AUT"]
[WhiteTeam "Schachclub MPOE Maria Saal I"]
[BlackTeam "ASVOE Wulkaprodersdorf"]

1. d4 Nf6 2. c4 c6 3. Nf3 d5 4. e3 Bg4 5. h3 Bxf3 6. Qxf3 e6 7. Bd3 g6 8. O-O
Bg7 9. Nc3 O-O 10. Rd1 Nbd7 11. cxd5 exd5 12. b4 a6 13. a4 Re8 14. Ra2 Qe7 15.
b5 axb5 16. axb5 Rxa2 17. Nxa2 Nb6 18. bxc6 bxc6 19. Qe2 Ra8 20. Qc2 Nfd7 21.
Bd2 c5 22. dxc5 Qxc5 23. Nb4 Qxc2 24. Bxc2 Nc5 25. Be1 Ra1 26. Rxa1 Bxa1 27.
Nc6 Kg7 28. Ba5 Ncd7 29. Bb3 Kf6 30. Kf1 Nc4 31. Bb4 Nde5 32. Ne7 Ke6 33. Ke2
f5 34. g4 Nf7 35. gxf5+ gxf5 36. f3 Bf6 37. Nc6 Nd8 38. Nxd8+ Bxd8 39. e4 fxe4
40. fxe4 Nb6 41. Ba5 Kd7 42. exd5 Nxd5 43. Ba4+ Ke7 44. Bd2 Kf6 45. Bb3 Ne7 46.
h4 Kg7 47. Bc2 Ng8 48. h5 Bf6 49. h6+ Nxh6 50. Bxh6+ Kxh6 51. Bxh7 1/2-1/2

[Event "1. Bundesliga 2013/2014"]
[Site "Jenbach, Wolfsberg, St. Veit/Glan"]
[Date "2013.12.06"]
[Round "1"]
[Board "4"]
[White "Schneider, Ilja"]
[Black "Schachinger, Mario"]
[Result "1-0"]
[WhiteElo "2486"]
[BlackElo "2398"]
[PlyCount "73"]
[EventDate "2013.12.06"]
[EventType "team"]
[EventRounds "11"]
[EventCountry "AUT"]
[WhiteTeam "ASVOE Wulkaprodersdorf"]
[BlackTeam "Schachclub MPOE Maria Saal I"]

1. e4 c6 2. d4 d5 3. e5 Bf5 4. h4 h5 5. Bg5 Qb6 6. Bd3 Bxd3 7. Qxd3 e6 8. Nd2
Ne7 9. Ngf3 Qa6 10. c4 Nd7 11. b3 f6 12. exf6 gxf6 13. Be3 O-O-O 14. O-O Bg7
15. b4 dxc4 16. Nxc4 Nb6 17. Nxb6+ axb6 18. Qb3 Nd5 19. a4 b5 20. axb5 Qxb5 21.
Ra5 Qxb4 22. Qa2 Qd6 23. Rb1 Nc7 24. d5 exd5 25. Bc5 Qf4 26. Ra4 Qf5 27. Nd4
Qd3 28. Rxb7 Kxb7 29. Ra7+ Kc8 30. Rxc7+ Kxc7 31. Qa7+ Kc8 32. Qa8+ Kc7 33.
Qxc6+ Kb8 34. Nb5 Qb1+ 35. Kh2 Qa1 36. Qb6+ Ka8 37. Nc7# 1-0

[Event "1. Bundesliga 2013/2014"]
[Site "Jenbach, Wolfsberg, St. Veit/Glan"]
[Date "2013.12.06"]
[Round "1"]
[Board "5"]
[White "Halvax, Georg"]
[Black "Antal, Gergely"]
[Result "0-1"]
[WhiteElo "2305"]
[BlackElo "2516"]
[PlyCount "66"]
[EventDate "2013.12.06"]
[EventType "team"]
[EventRounds "11"]
[EventCountry "AUT"]
[WhiteTeam "Schachclub MPOE Maria Saal I"]
[BlackTeam "ASVOE Wulkaprodersdorf"]

1. e4 c6 2. d4 d5 3. e5 c5 4. Nf3 Bg4 5. c4 cxd4 6. cxd5 Qxd5 7. Nc3 Qa5 8.
Qxd4 Bxf3 9. gxf3 Nc6 10. Bb5 Qxb5 11. Nxb5 Nxd4 12. Nxd4 e6 13. Nb5 Rd8 14.
Nxa7 Rd5 15. f4 Bc5 16. Be3 g5 17. Nb5 Bb4+ 18. Nc3 gxf4 19. Bxf4 Ne7 20. Rd1
Kd7 21. Rxd5+ exd5 22. Bd2 Bxc3 23. Bxc3 Rg8 24. Ke2 Ke6 25. Ke3 Rg4 26. Kf3
Rh4 27. Bd2 Nc6 28. Bf4 Kf5 29. Bg3 Rd4 30. Ke3 h5 31. f3 Ra4 32. a3 h4 33. Be1
d4+ 0-1

[Event "1. Bundesliga 2013/2014"]
[Site "Jenbach, Wolfsberg, St. Veit/Glan"]
[Date "2013.12.06"]
[Round "1"]
[Board "6"]
[White "Thiede, Lars"]
[Black "Handler, Lukas"]
[Result "0-1"]
[WhiteElo "2448"]
[BlackElo "2396"]
[PlyCount "62"]
[EventDate "2013.12.06"]
[EventType "team"]
[EventRounds "11"]
[EventCountry "AUT"]
[WhiteTeam "ASVOE Wulkaprodersdorf"]
[BlackTeam "Schachclub MPOE Maria Saal I"]

1. e4 e5 2. Nf3 Nc6 3. Bb5 a6 4. Ba4 Nf6 5. O-O Be7 6. Bxc6 dxc6 7. d3 Nd7 8.
b3 O-O 9. Bb2 f6 10. Nbd2 Re8 11. d4 exd4 12. Bxd4 Nf8 13. Re1 Bg4 14. Bc3 Bc5
15. h3 Bh5 16. b4 Ba7 17. Qb1 Qd7 18. Qb3+ Bf7 19. Qb2 Ne6 20. Nb3 Rad8 21. e5
Nf4 22. Kh2 Bd5 23. Nbd2 Qf5 24. exf6 Bxf2 25. Re5 Rxe5 26. Bxe5 Be3 27. Rf1
gxf6 28. Bxf6 Re8 29. Bh8 Nh5 30. Nh4 Qg5 31. Ndf3 Qf4+ 0-1

[Event "1. Bundesliga 2013/2014"]
[Site "Jenbach, Wolfsberg, St. Veit/Glan"]
[Date "2013.12.06"]
[Round "1"]
[Board "2"]
[White "Schlosser, Philipp"]
[Black "Fauland, Alexander"]
[Result "1-0"]
[WhiteElo "2612"]
[BlackElo "2417"]
[PlyCount "67"]
[EventDate "2013.12.06"]
[EventType "team"]
[EventRounds "11"]
[EventCountry "AUT"]
[WhiteTeam "Schachklub Sparkasse Jenbach"]
[BlackTeam "SK Advisory Invest Baden"]

1. d4 Nf6 2. c4 c5 3. d5 e6 4. Nc3 exd5 5. cxd5 d6 6. e4 g6 7. f4 Bg7 8. Bb5+
Nfd7 9. a4 O-O 10. Nf3 Na6 11. O-O Nc7 12. Be2 Nf6 13. Nd2 b6 14. Kh1 h5 15.
Nf3 Rb8 16. f5 gxf5 17. Bg5 Qe8 18. Nd2 Nxe4 19. Ncxe4 fxe4 20. Nc4 Qd7 21. Ra3
f5 22. Rg3 Ne8 23. Bxh5 Ba6 24. b3 Bxc4 25. bxc4 Be5 26. Bf4+ Ng7 27. Qd2 Bd4
28. Bg6 Rf6 29. Bh6 e3 30. Bxe3 Bxe3 31. Qxe3 f4 32. Rxf4 Rxf4 33. Qxf4 Rf8 34.
Bh7+ 1-0

[Event "1. Bundesliga 2013/2014"]
[Site "Jenbach, Wolfsberg, St. Veit/Glan"]
[Date "2013.12.06"]
[Round "1"]
[Board "4"]
[White "Boensch, Uwe"]
[Black "Paehtz, Elisabeth"]
[Result "1/2-1/2"]
[WhiteElo "2544"]
[BlackElo "2446"]
[PlyCount "64"]
[EventDate "2013.12.06"]
[EventType "team"]
[EventRounds "11"]
[EventCountry "AUT"]
[WhiteTeam "Schachklub Sparkasse Jenbach"]
[BlackTeam "SK Advisory Invest Baden"]

1. d4 d6 2. e4 Nf6 3. f3 d5 4. exd5 Nxd5 5. c4 Nb6 6. Nc3 g6 7. Be3 Bg7 8. Qd2
e5 9. O-O-O exd4 10. Bg5 f6 11. Bf4 O-O 12. c5 N6d7 13. Qxd4 Nc6 14. Qd5+ Kh8
15. h4 f5 16. Bb5 Qe7 17. Bxc6 bxc6 18. Qxc6 Qxc5 19. Qxc5 Nxc5 20. Nge2 Ba6
21. Kc2 Rfe8 22. Rd2 Ne6 23. Be3 c5 24. h5 gxh5 25. Bf2 Rad8 26. Rhd1 Rb8 27.
b3 h4 28. Rd6 Bb7 29. Bxh4 Nd4+ 30. Kd3 Bf8 31. Nxd4 Bxd6 32. Nxf5 Be5 1/2-1/2

[Event "1. Bundesliga 2013/2014"]
[Site "Jenbach, Wolfsberg, St. Veit/Glan"]
[Date "2013.12.06"]
[Round "1"]
[Board "6"]
[White "Lehner, Oliver"]
[Black "Dzierzenga, Stefan"]
[Result "1/2-1/2"]
[WhiteElo "2451"]
[BlackElo "2197"]
[PlyCount "61"]
[EventDate "2013.12.06"]
[EventType "team"]
[EventRounds "11"]
[EventCountry "AUT"]
[WhiteTeam "Schachklub Sparkasse Jenbach"]
[BlackTeam "SK Advisory Invest Baden"]

1. c4 Nf6 2. Nc3 c5 3. Nf3 Nc6 4. d4 cxd4 5. Nxd4 e6 6. g3 Bc5 7. Nb3 Bb4 8.
Bg2 d5 9. cxd5 Nxd5 10. Qc2 Nxc3 11. bxc3 Be7 12. O-O O-O 13. Nd4 Bd7 14. Rb1
Rc8 15. Nxc6 Bxc6 16. Bxc6 bxc6 17. Qa4 Bc5 18. Bf4 Qe7 19. Qe4 Rfd8 20. Rfd1
h6 21. Be5 Rd5 22. Bd4 Rcd8 23. Rd3 Bxd4 24. cxd4 c5 25. dxc5 Rxd3 26. exd3
Qxc5 27. Rb7 a5 28. a4 Qc3 29. Qf4 f5 30. Qe3 Rd6 31. h4 1/2-1/2

[Event "1. Bundesliga 2013/2014"]
[Site "Jenbach, Wolfsberg, St. Veit/Glan"]
[Date "2013.12.07"]
[Round "2"]
[Board "2"]
[White "Schlosser, Philipp"]
[Black "Srienz, Christian"]
[Result "1-0"]
[WhiteElo "2612"]
[BlackElo "2280"]
[PlyCount "73"]
[EventDate "2013.12.06"]
[EventType "team"]
[EventRounds "11"]
[EventCountry "AUT"]
[WhiteTeam "Schachklub Sparkasse Jenbach"]
[BlackTeam "tschaturanga"]

1. d4 Nf6 2. Nf3 e6 3. c4 c5 4. d5 b5 5. dxe6 fxe6 6. cxb5 d5 7. Nc3 Be7 8. e3
O-O 9. Be2 Nbd7 10. O-O Qe8 11. b3 Bb7 12. Ba3 Qg6 13. Rc1 Rae8 14. Na4 Ne4 15.
Bd3 Rf5 16. Bxe4 dxe4 17. Nh4 Bxh4 18. Qxd7 Rg5 19. g3 Bxg3 20. fxg3 Rxg3+ 21.
Kh1 Rh3 22. Rc2 Bc8 23. Qc6 Rd8 24. Rg2 Qe8 25. Qxc5 Rf3 26. Rfg1 g6 27. Bb2
Rf5 28. Qxa7 Rd7 29. Qb6 Qe7 30. Qb8 Rd8 31. b6 Bb7 32. Qc7 Rd7 33. Qc3 Kf7 34.
Qh8 Qh4 35. Rxg6 Qxh2+ 36. Kxh2 Rd2+ 37. R6g2 1-0

[Event "1. Bundesliga 2013/2014"]
[Site "Jenbach, Wolfsberg, St. Veit/Glan"]
[Date "2013.12.07"]
[Round "2"]
[Board "3"]
[White "Sadilek, Peter"]
[Black "Acs, Peter"]
[Result "0-1"]
[WhiteElo "2240"]
[BlackElo "2576"]
[PlyCount "86"]
[EventDate "2013.12.06"]
[EventType "team"]
[EventRounds "11"]
[EventCountry "AUT"]
[WhiteTeam "tschaturanga"]
[BlackTeam "Schachklub Sparkasse Jenbach"]

1. d4 Nf6 2. c4 e6 3. Nc3 Bb4 4. e3 O-O 5. Nge2 d5 6. a3 Be7 7. cxd5 exd5 8.
Nf4 Re8 9. Bd3 Bd6 10. O-O Bxf4 11. exf4 Nc6 12. Ne2 Ne4 13. Qc2 Bf5 14. Be3
Qd7 15. f3 Nd6 16. Bf2 Na5 17. Nc3 c6 18. g4 Bxd3 19. Qxd3 Re7 20. f5 Rae8 21.
Rae1 Nac4 22. Nd1 Rxe1 23. Rxe1 Rxe1+ 24. Bxe1 Qe7 25. Bg3 a5 26. a4 Ne8 27. b3
Ncd6 28. Qd2 Qd8 29. Nf2 b5 30. Nd3 bxa4 31. bxa4 Nc4 32. Qe1 Ned6 33. Nc5 h6
34. Kg2 Kf8 35. h4 Qe7 36. Qb1 Qe2+ 37. Kh3 Qxf3 38. Qb8+ Ne8 39. Qd8 Qh1+ 40.
Bh2 Qf1+ 41. Kg3 Ncd6 42. Qxa5 h5 43. Qd2 Nf6 0-1

[Event "1. Bundesliga 2013/2014"]
[Site "Jenbach, Wolfsberg, St. Veit/Glan"]
[Date "2013.12.07"]
[Round "2"]
[Board "4"]
[White "Boensch, Uwe"]
[Black "Wukits, Rene"]
[Result "1-0"]
[WhiteElo "2544"]
[BlackElo "2267"]
[PlyCount "109"]
[EventDate "2013.12.06"]
[EventType "team"]
[EventRounds "11"]
[EventCountry "AUT"]
[WhiteTeam "Schachklub Sparkasse Jenbach"]
[BlackTeam "tschaturanga"]

1. d4 Nf6 2. c4 e6 3. Nf3 c5 4. d5 exd5 5. cxd5 d6 6. Nc3 g6 7. g3 Bg7 8. Bg2
O-O 9. O-O Re8 10. Nd2 a6 11. a4 Nbd7 12. h3 Rb8 13. Nc4 Ne5 14. Na3 Nh5 15.
Kh2 Bd7 16. Ne4 Qe7 17. f4 f5 18. Nf2 Nf7 19. e3 b5 20. Qc2 Nf6 21. Rd1 h5 22.
Bf3 Nh6 23. Qe2 Kf7 24. axb5 axb5 25. Rb1 Rh8 26. Kg1 Ne4 27. Nxe4 fxe4 28. Bg2
Nf5 29. Kh2 g5 30. Bd2 Bf6 31. Bc3 g4 32. Bxf6 Qxf6 33. h4 Rhe8 34. Qf2 Ra8 35.
Re1 b4 36. Nc4 Bb5 37. Rec1 Ra2 38. Bf1 Bxc4 39. Rxc4 Rea8 40. Rxe4 Ra1 41. Bd3
Rxb1 42. Bxb1 Ra1 43. Re6 Rxb1 44. Rxf6+ Kxf6 45. Qd2 Rf1 46. b3 Rf3 47. Qb2+
Kg6 48. Qh8 Rxe3 49. Qg8+ Ng7 50. f5+ Kxf5 51. Qxg7 Re5 52. Qh7+ Kf6 53. Qh6+
Ke7 54. Qg7+ Kd8 55. Qb7 1-0

[Event "1. Bundesliga 2013/2014"]
[Site "Jenbach, Wolfsberg, St. Veit/Glan"]
[Date "2013.12.07"]
[Round "2"]
[Board "5"]
[White "Leitner, Gerald"]
[Black "Lehner, Oliver"]
[Result "0-1"]
[WhiteElo "2199"]
[BlackElo "2451"]
[PlyCount "74"]
[EventDate "2013.12.06"]
[EventType "team"]
[EventRounds "11"]
[EventCountry "AUT"]
[WhiteTeam "tschaturanga"]
[BlackTeam "Schachklub Sparkasse Jenbach"]

1. d4 Nf6 2. c4 e6 3. Nf3 d5 4. Nc3 Bb4 5. Bg5 Nbd7 6. e3 c5 7. cxd5 exd5 8.
Bd3 Bxc3+ 9. bxc3 Qa5 10. Rc1 O-O 11. O-O c4 12. Bb1 Re8 13. Qc2 Ne4 14. Bf4
Nf8 15. Ng5 Nxg5 16. Bxg5 Bg4 17. Rce1 Bh5 18. f4 b5 19. f5 f6 20. Bf4 Qa3 21.
g4 Bxg4 22. Qg2 Bh5 23. Qxd5+ Bf7 24. Qxb5 Qxc3 25. Rc1 Qa3 26. e4 a6 27. Qb7
Rad8 28. d5 Qc5+ 29. Kh1 Rxd5 30. Qxa6 Rxf5 31. Rcd1 Ng6 32. exf5 Bd5+ 33. Rxd5
Qxd5+ 34. Kg1 Nxf4 35. Rxf4 Re1+ 36. Rf1 Qd4+ 37. Kg2 Qg4+ 0-1

[Event "1. Bundesliga 2013/2014"]
[Site "Jenbach, Wolfsberg, St. Veit/Glan"]
[Date "2013.12.07"]
[Round "2"]
[Board "1"]
[White "Melkumyan, Hrant"]
[Black "Shengelia, David"]
[Result "0-1"]
[WhiteElo "2613"]
[BlackElo "2547"]
[PlyCount "90"]
[EventDate "2013.12.06"]
[EventType "team"]
[EventRounds "11"]
[EventCountry "AUT"]
[WhiteTeam "ASVOE Wulkaprodersdorf"]
[BlackTeam "SK Advisory Invest Baden"]

1. c4 e6 2. Nc3 Nf6 3. e4 d5 4. e5 d4 5. exf6 dxc3 6. bxc3 Qxf6 7. Nf3 e5 8.
Bd3 Na6 9. O-O Bg4 10. Be2 Bd6 11. d4 exd4 12. cxd4 O-O 13. Be3 c5 14. h3 Bf5
15. Qd2 h6 16. Rfe1 Rad8 17. d5 Rfe8 18. Rac1 Be4 19. Nh2 Qg6 20. Bf3 Nb4 21.
Bxe4 Rxe4 22. Nf1 Rh4 23. Red1 Rxh3 24. a3 Na6 25. Bf4 Bxf4 26. Qxf4 Rxa3 27.
Re1 Nb4 28. Rcd1 Ra6 29. Qc7 Rad6 30. Ng3 b6 31. Qxa7 Nc2 32. Re7 Nd4 33. Qa3
Qg4 34. Qd3 f5 35. Rde1 Rg6 36. Qd1 Qh4 37. Re8+ Rxe8 38. Rxe8+ Kh7 39. Qd3 Qg4
40. d6 Rxd6 41. Qe3 f4 42. Qe4+ Rg6 43. Qd5 Qd1+ 44. Kh2 fxg3+ 45. fxg3 Rg5 0-1

[Event "1. Bundesliga 2013/2014"]
[Site "Jenbach, Wolfsberg, St. Veit/Glan"]
[Date "2013.12.07"]
[Round "2"]
[Board "2"]
[White "Fauland, Alexander"]
[Black "Antoniewski, Rafal"]
[Result "1/2-1/2"]
[WhiteElo "2417"]
[BlackElo "2553"]
[PlyCount "62"]
[EventDate "2013.12.06"]
[EventType "team"]
[EventRounds "11"]
[EventCountry "AUT"]
[WhiteTeam "SK Advisory Invest Baden"]
[BlackTeam "ASVOE Wulkaprodersdorf"]

1. Nf3 g6 2. g3 Bg7 3. Bg2 Nf6 4. O-O O-O 5. d4 d6 6. b3 c6 7. Bb2 Bf5 8. Nbd2
d5 9. Nh4 Be6 10. e3 a5 11. a4 Na6 12. Nhf3 Bf5 13. Ne5 Nb4 14. c3 Nd3 15. Nxd3
Bxd3 16. Re1 Re8 17. b4 Bf5 18. Nb3 b6 19. f3 e5 20. bxa5 bxa5 21. dxe5 Rxe5
22. c4 Re7 23. cxd5 cxd5 24. Bf1 Bd7 25. Bd4 Rb8 26. Ra3 Bc6 27. Qa1 Ne8 28.
Bxg7 Nxg7 29. Qc3 Qe8 30. Nd4 Bxa4 31. Qxa5 Bc6 1/2-1/2

[Event "1. Bundesliga 2013/2014"]
[Site "Jenbach, Wolfsberg, St. Veit/Glan"]
[Date "2013.12.07"]
[Round "2"]
[Board "5"]
[White "Antal, Gergely"]
[Black "Tuncer, Ufuk"]
[Result "1/2-1/2"]
[WhiteElo "2516"]
[BlackElo "2345"]
[PlyCount "102"]
[EventDate "2013.12.06"]
[EventType "team"]
[EventRounds "11"]
[EventCountry "AUT"]
[WhiteTeam "ASVOE Wulkaprodersdorf"]
[BlackTeam "SK Advisory Invest Baden"]

1. e4 c5 2. Nf3 d6 3. d4 cxd4 4. Qxd4 Nc6 5. Bb5 Bd7 6. Bxc6 Bxc6 7. Nc3 Nf6 8.
Bg5 e6 9. O-O-O Be7 10. Qd3 O-O 11. Nd4 Qa5 12. h4 Rfc8 13. f4 Qc7 14. f5 Bd7
15. fxe6 fxe6 16. Ndb5 Bxb5 17. Nxb5 Qc4 18. Qb3 Qxb3 19. axb3 a5 20. Bxf6 gxf6
21. Nxd6 Rc6 22. Nb5 a4 23. Rh3 axb3 24. Rxb3 Ra1+ 25. Kd2 Ra4 26. Kd3 b6 27.
Nc3 Rac4 28. Ra1 f5 29. exf5 Rxh4 30. Ra8+ Kf7 31. fxe6+ Rxe6 32. Nd5 Bc5 33.
Kd2 Rg6 34. Ra7+ Ke6 35. Rd3 Rxg2+ 36. Kc3 Rgg4 37. Rb7 Bd4+ 38. Kc4 Bxb2+ 39.
Kb5 Bd4 40. c4 Rg2 41. Kc6 Bc5 42. Nxb6 Bxb6 43. Rxb6 Ke5 44. c5 Rg6+ 45. Kc7
Rc4 46. c6 h5 47. Rh3 Rg7+ 48. Kb8 h4 49. Rb7 Rg3 50. Rxg3 hxg3 51. Rg7 Rxc6
 1/2-1/2

[Event "1. Bundesliga 2013/2014"]
[Site "Jenbach, Wolfsberg, St. Veit/Glan"]
[Date "2013.12.07"]
[Round "2"]
[Board "6"]
[White "Herndlbauer, Martin"]
[Black "Thiede, Lars"]
[Result "0-1"]
[WhiteElo "2119"]
[BlackElo "2448"]
[PlyCount "84"]
[EventDate "2013.12.06"]
[EventType "team"]
[EventRounds "11"]
[EventCountry "AUT"]
[WhiteTeam "SK Advisory Invest Baden"]
[BlackTeam "ASVOE Wulkaprodersdorf"]

1. d4 g6 2. c4 c5 3. d5 b5 4. cxb5 Bg7 5. Nc3 a6 6. bxa6 Bxa6 7. g3 d6 8. Bg2
Nf6 9. Nf3 O-O 10. Rb1 Nbd7 11. b3 Qa5 12. Bd2 Qc7 13. O-O Rfb8 14. Ne1 Ne8 15.
a4 Rb7 16. Nc2 Rab8 17. Na3 Qd8 18. Ncb5 Nc7 19. Ba5 Bxb5 20. Nxb5 Nb6 21. Bxb6
Rxb6 22. Na7 Qd7 23. Nc6 Ra8 24. Qd3 Na6 25. Qe4 Bf6 26. a5 Rb7 27. Rfc1 Nb4
28. Qc4 Qe8 29. e3 Nxc6 30. dxc6 Rb4 31. Qxb4 cxb4 32. c7 Rc8 33. Rc4 Qd7 34.
Rxb4 Rxc7 35. a6 d5 36. Bf1 Kg7 37. Ra4 d4 38. Rd1 Qf5 39. a7 Rc2 40. f4 Qh5
41. h3 Qf3 42. a8=Q Qf2+ 0-1

[Event "1. Bundesliga 2013/2014"]
[Site "Jenbach, Wolfsberg, St. Veit/Glan"]
[Date "2013.12.07"]
[Round "2"]
[Board "2"]
[White "Rapport, Richard"]
[Black "Sebenik, Matej"]
[Result "1-0"]
[WhiteElo "2681"]
[BlackElo "2497"]
[PlyCount "73"]
[EventDate "2013.12.06"]
[EventType "team"]
[EventRounds "11"]
[EventCountry "AUT"]
[WhiteTeam "Schachclub MPOE Maria Saal I"]
[BlackTeam "SV Raika Rapid Feffernitz"]

1. b3 e5 2. Bb2 Nc6 3. e3 d5 4. Bb5 Bd6 5. f4 Qh4+ 6. g3 Qe7 7. Nf3 f6 8. Nc3
Be6 9. Qe2 a6 10. Bxc6+ bxc6 11. O-O-O Nh6 12. h3 e4 13. Nd4 Bf7 14. d3 exd3
15. Qxd3 Qd7 16. g4 O-O 17. Rhg1 Rfe8 18. Rdf1 c5 19. Nde2 c6 20. f5 Qe7 21.
Nd1 d4 22. h4 Bd5 23. g5 Nf7 24. gxf6 Qxf6 25. exd4 Qh6+ 26. Kb1 Be4 27. Qc3
Bh2 28. Nf2 Bxg1 29. Ng4 Qxh4 30. Rxg1 Nd6 31. dxc5 Nxf5 32. Nf6+ Kf8 33. Nd7+
Ke7 34. Rxg7+ Nxg7 35. Qxg7+ Ke6 36. Nd4+ Kd5 37. Qf7+ 1-0

[Event "1. Bundesliga 2013/2014"]
[Site "Jenbach, Wolfsberg, St. Veit/Glan"]
[Date "2013.12.07"]
[Round "2"]
[Board "3"]
[White "Diermair, Andreas"]
[Black "Buhmann, Rainer"]
[Result "1/2-1/2"]
[WhiteElo "2456"]
[BlackElo "2580"]
[PlyCount "101"]
[EventDate "2013.12.06"]
[EventType "team"]
[EventRounds "11"]
[EventCountry "AUT"]
[WhiteTeam "SV Raika Rapid Feffernitz"]
[BlackTeam "Schachclub MPOE Maria Saal I"]

1. Nf3 Nf6 2. c4 e6 3. d4 d5 4. Nc3 Be7 5. Bg5 h6 6. Bh4 O-O 7. e3 b6 8. Be2
Bb7 9. Bxf6 Bxf6 10. cxd5 exd5 11. b4 c6 12. O-O a5 13. b5 c5 14. Ne5 Qc7 15.
Ng4 Nd7 16. Rc1 Be7 17. dxc5 Nxc5 18. Nxd5 Qd6 19. Nxe7+ Qxe7 20. h3 Rad8 21.
Qc2 h5 22. Nh2 Be4 23. Qc3 Qe6 24. Nf3 Bxf3 25. Bxf3 Qxa2 26. Ra1 Qb3 27. Qe5
g6 28. Qc7 Qxb5 29. Rfb1 Nb3 30. Ra3 a4 31. Qc6 Qxc6 32. Bxc6 Nd2 33. Rba1 Nb3
34. Rb1 Nc5 35. Bxa4 Ra8 36. Rba1 Rfd8 37. Bb5 Rxa3 38. Rxa3 Rd1+ 39. Kh2 Rb1
40. Bc4 b5 41. Bd5 Rd1 42. e4 Rd2 43. Rf3 Ne6 44. Bxe6 fxe6 45. Rf6 Kg7 46.
Rxe6 Rxf2 47. Rb6 Rb2 48. h4 b4 49. e5 Kf7 50. Rf6+ Kg7 51. Rb6 1/2-1/2

[Event "1. Bundesliga 2013/2014"]
[Site "Jenbach, Wolfsberg, St. Veit/Glan"]
[Date "2013.12.07"]
[Round "2"]
[Board "4"]
[White "Schachinger, Mario"]
[Black "Schreiner, Peter"]
[Result "0-1"]
[WhiteElo "2398"]
[BlackElo "2455"]
[PlyCount "102"]
[EventDate "2013.12.06"]
[EventType "team"]
[EventRounds "11"]
[EventCountry "AUT"]
[WhiteTeam "Schachclub MPOE Maria Saal I"]
[BlackTeam "SV Raika Rapid Feffernitz"]

1. b3 d5 2. Bb2 c5 3. e3 Nf6 4. Nf3 Nc6 5. Bb5 Bd7 6. Bxc6 Bxc6 7. Ne5 Rc8 8.
d3 g6 9. Nxc6 Rxc6 10. Bxf6 Rxf6 11. O-O Bg7 12. c3 O-O 13. a3 b5 14. Ra2 Qc7
15. Rd2 Rb6 16. Qc2 Rfb8 17. Rfd1 e6 18. g3 a5 19. Re2 Qb7 20. e4 a4 21. b4
cxb4 22. axb4 d4 23. cxd4 Bxd4 24. Rc1 Qe7 25. Qd2 Rd8 26. e5 Rbb8 27. Re4 Rd5
28. Rce1 Rc8 29. R1e2 Qc7 30. Na3 Bxe5 31. Kg2 Bg7 32. Qe3 Qd7 33. Qb6 Qc6 34.
Qxc6 Rxc6 35. d4 Rcd6 36. Rc2 Bxd4 37. Rc8+ Kg7 38. Rb8 Rb6 39. Rc8 Rb7 40. Re2
Bf6 41. Nc2 Ra7 42. Na3 Rb7 43. Nc2 h5 44. h4 Rd3 45. Ra8 Rb3 46. Ne1 Rxb4 47.
Rc2 Rb3 48. Rcc8 a3 49. Nf3 Rxf3 50. Kxf3 b4 51. Rc1 b3 0-1

[Event "1. Bundesliga 2013/2014"]
[Site "Jenbach, Wolfsberg, St. Veit/Glan"]
[Date "2013.12.07"]
[Round "2"]
[Board "2"]
[White "Stevic, Hrvoje"]
[Black "Prusikin, Michael"]
[Result "1-0"]
[WhiteElo "2620"]
[BlackElo "2526"]
[PlyCount "91"]
[EventDate "2013.12.06"]
[EventType "team"]
[EventRounds "11"]
[EventCountry "AUT"]
[WhiteTeam "SV Wolfsberg"]
[BlackTeam "SIR Bernhard Glatz"]

1. e4 e6 2. d4 d5 3. e5 c5 4. c3 Nc6 5. Nf3 Bd7 6. Be2 Nge7 7. O-O Ng6 8. g3
Be7 9. h4 cxd4 10. cxd4 O-O 11. h5 Nh8 12. Nc3 f6 13. exf6 Bxf6 14. Re1 Nf7 15.
Bf1 Kh8 16. Bf4 Nxd4 17. Nxd4 e5 18. Be3 exd4 19. Bxd4 Ng5 20. Bg2 Nh3+ 21.
Bxh3 Bxh3 22. h6 Kg8 23. hxg7 Rf7 24. Kh2 Bf5 25. Qd2 Bg4 26. f4 Rxg7 27. Re3
Qd6 28. Rae1 Bd7 29. Bxf6 Qxf6 30. Nxd5 Qh6+ 31. Kg1 Bc6 32. R1e2 Kh8 33. Rh2
Qg6 34. Nb4 Qb1+ 35. Kf2 Rf8 36. Nxc6 Rxf4+ 37. gxf4 Qg1+ 38. Kf3 Qg4+ 39. Ke4
Qg6+ 40. Kf3 Qg4+ 41. Ke4 Qg6+ 42. f5 Qxc6+ 43. Kf4 Qc4+ 44. Re4 Qc7+ 45. Re5
Qc4+ 46. Ke3 1-0

[Event "1. Bundesliga 2013/2014"]
[Site "Jenbach, Wolfsberg, St. Veit/Glan"]
[Date "2013.12.07"]
[Round "2"]
[Board "5"]
[White "Kunin, Vitaly"]
[Black "Hresc, Vladimir"]
[Result "1-0"]
[WhiteElo "2558"]
[BlackElo "2409"]
[PlyCount "73"]
[EventDate "2013.12.06"]
[EventType "team"]
[EventRounds "11"]
[EventCountry "AUT"]
[WhiteTeam "SIR Bernhard Glatz"]
[BlackTeam "SV Wolfsberg"]

1. d4 Nf6 2. c4 g6 3. Nc3 Bg7 4. e4 d6 5. Nge2 O-O 6. Ng3 c5 7. d5 e6 8. Be2
exd5 9. cxd5 Nbd7 10. h4 h5 11. Bg5 Qa5 12. Qd2 a6 13. Bh6 Ne5 14. Bxg7 Kxg7
15. Qg5 Rh8 16. O-O-O Nfg4 17. Rdf1 f6 18. Qd2 b5 19. Kb1 Nc4 20. Qc1 Rb8 21.
Ka1 Bd7 22. Nb1 Rhe8 23. f3 Nge5 24. Rd1 Nb6 25. f4 Ng4 26. f5 Re5 27. Bxg4
hxg4 28. Qf4 gxf5 29. exf5 Nxd5 30. Qxg4+ Kf7 31. Qg6+ Ke7 32. Rxd5 Rxd5 33.
Qg7+ Kd8 34. Qg8+ Kc7 35. Qxd5 Qb4 36. Ne4 c4 37. a3 1-0